| 000 | 00556cam a2200217 4500 | ||
|---|---|---|---|
| 001 | J101158 | ||
| 008 | 000000n1999 000 0 eng u | ||
| 035 | _a(Sirsi) u101158 | ||
| 041 | _aeng | ||
| 050 | _a333.33709421 | ||
| 110 |
_aFPDSavills _93625 |
||
| 245 | _aCentral London office review and outlook. July 1999. | ||
| 260 |
_aLondon _bFPDSavills _c1999 |
||
| 300 | _a6p. ; 30cm. | ||
| 650 | _aOFFICE PROPERTY | ||
| 650 | _aPROPERTY MARKET | ||
| 650 | _aOFFICES | ||
| 650 | _aLONDON | ||
| 690 | _aPROPERTY-COMMERCIAL PROPERTY | ||
| 942 | _n0 | ||
| 999 |
_c100024 _d100024 |
||